000 00567cam a22002053a 4500
001 44379
003 PGUSA
005 20140828084020.0
008 131207s2013||||xxu|||||s|||||000 | eng d
040 _aPGUSA
_beng
042 _adc
100 1 _aDavey, Richard,
_d1848-
245 1 2 _aA History of Mourning
_h[electronic resource] /
_cRichard Davey
260 _bProject Gutenberg,
_c2013
506 _aPublic domain in the USA.
516 _aElectronic text
830 0 _aProject Gutenberg
_v44379
856 4 0 _uhttp://www.gutenberg.org/ebooks/44379
942 _cEB
999 _c273630
_d273630